El amor es un niño travieso (Registro nro. 6556)

Detalles MARC
000 - LÍDER
campo de control de longitud fija 01121nam a2200325 i 4500
005 - FECHA Y HORA DE LA ÚLTIMA TRANSACCIÓN
campo de control 20210727153342.0
007 - DESCRIPCIÓN FÍSICA CAMPO FIJO - INFORMACIÓN GENERAL
campo de control de longitud fija ta
008 - ELEMENTOS DE DATOS DE LONGITUD FIJA - INFORMACIÓN GENERAL
campo de control de longitud fija 200419s2007 ck a jr 000 0 spa d
020 ## - INTERNATIONAL STANDARD BOOK NUMBER
International Standard Book Number 9789583009280
040 ## - FUENTE DE CATALOGACIÓN
Agencia de catalogación original CO-BoRNBP
Lenguaje de catalogación spa
Descripción convenciones rda
Agencia de transcripción CO-BoRNBP
041 0# - CÓDIGO DE LENGUAJE
Código de idioma de texto / pista de sonido o título separado spa
043 ## - CÓDIGO DE ÁREA GEOGRÁFICA
Código de área geográfica nwcu---
084 ## - OTRO NÚMERO DE CLASIFICACIÓN
Número de clasificación P CHE2
100 1# - ENTRADA PRINCIPAL - NOMBRE PERSONAL
Nombre de la persona Chericián Fernández, David
Fechas asociadas a un nombre 1940-2002
Término del Relator autor
245 13 - TÍTULO DECLARACIÓN
Título El amor es un niño travieso
Declaración de responsabilidad David Chericián Fernández ; ilustraciones María Fernanda Mantilla
250 ## - DECLARACIÓN DE EDICIÓN
Sentencia de edición Primera edición
264 #1 - AVISO DE PRODUCCIÓN, PUBLICACIÓN, DISTRIBUCIÓN, FABRICACIÓN Y DERECHOS DE AUTOR
Lugar de producción Bogotá, Colombia
Nombre del productor Panamericana
Fecha de producción 2007
300 ## - DESCRIPCIÓN FÍSICA
Alcance 58 páginas
Otros datos físicos ilustraciones a color
Dimensiones 21 cm
336 ## - TIPO DE CONTENIDO
Tipo de contenido texto
Código de tipo de contenido txt
Fuente rdacontent
337 ## - TIPO DE MEDIO
Término del tipo de medio sin mediación
Código de tipo de medio n
Fuente rdamedia
338 ## - TIPO DE PORTADOR
Término del tipo de operador volumen
Código de tipo de operador nc
Fuente rdacarrier
490 0# - DECLARACIÓN EN SERIE
Estado de cuenta de la serie Literatura juvenil
521 ## - NOTA DE AUDIENCIA OBJETIVO
Nota para el público objetivo Recomendado a partir de los 8 años
545 ## - DATOS BIOGRÁFICOS O HISTÓRICOS
Datos biográficos o históricos Incluye datos biográficos
650 17 - ENTRADA DE SUJETO AÑADIDO - TÉRMINO TÓPICO
Término tópico o elemento de entrada del nombre geográfico Poesía infantil cubana
Subdivisión cronológica Siglo XX
Fuente del título o término ARMARC
650 17 - ENTRADA DE SUJETO AÑADIDO - TÉRMINO TÓPICO
Término tópico o elemento de entrada del nombre geográfico Literatura infantil cubana
Subdivisión cronológica Siglo XX
Fuente del título o término ARMARC
650 17 - ENTRADA DE SUJETO AÑADIDO - TÉRMINO TÓPICO
Término tópico o elemento de entrada del nombre geográfico Amor
Subdivisión de forma Poesía
Fuente del título o término ARMARC
700 1# - ENTRADA AGREGADA - NOMBRE PERSONAL
Nombre de la persona Mantilla Navarrete, María Fernanda
Término del Relator traductora
942 ## - ELEMENTOS DE ENTRADA AGREGADOS (KOHA)
Fuente de clasificación o esquema de estanterías
Tipo de artículo Koha Literartura
Existencias
Estado de retirada Pérdida de estatus Fuente de clasificación o esquema de estanterías Estado dañado No para préstamo Código de recogida Ubicación permanente Ubicación actual Ubicación de las estanterías Fecha de adquisición Total de Cajas Número Topográfico Código de barras Precio efectivo desde Número de copia Fecha de la última salida Fecha de la última vez que se vio Tipo de artículo Koha Fuente de adquisición
    Dewey Decimal Classification     General Biblioteca Pública Departamental Comfamiliar Risaralda Biblioteca Pública Departamental Comfamiliar Risaralda Área General 10/07/2017 1 861.6 C521a 1001289 10/07/2017 Ej. 1 18/02/2019 01/03/2019 Libro  
    Dewey Decimal Classification     Infantil Biblioteca Pública Municipal Pública Municipal de Santuario Biblioteca Pública Municipal Pública Municipal de Santuario Área Infantil 23/06/2023   P CHE2 SANT18 - 2710 23/06/2023 Ej. 1   23/06/2023 Literartura Dotación MinCultura y BNC